Bombay my Bombay : (Record no. 4548)

MARC details
000 -LEADER
fixed length control field 00546 a2200181 4500
010 ## - LCCN (DPL NO)
LC control number ENG-86432
020 ## - INTERNATIONAL STANDARD BOOK NUMBER
International Standard Book Number 8181574761
Terms of availability 100.00
035 ## - SYSTEM CONTROL NUMBER
System control number EN-69965
037 ## - SOURCE OF ACQUISITION
Source of stock number/acquisition DBAD / PUB
082 14 - DEWEY DECIMAL CLASSIFICATION NUMBER
Classification number 881
100 1# - MAIN ENTRY--PERSONAL NAME
Personal name Merchant, Hoshang
245 1# - TITLE STATEMENT
Title Bombay my Bombay :
Statement of responsibility, etc by Hoshang Merchant
Remainder of title 1955-2005 /
260 ## - PUBLICATION, DISTRIBUTION, ETC. (IMPRINT)
Place of publication, distribution, etc Kolkata
Name of publisher, distributor, etc Writers Workshop
Date of publication, distribution, etc 2006
270 ## - ADDRESS
Address 162/42, Lake Gardens,
City Calcutta
State or province West Bengal
Postal code 700 045
300 ## - PHYSICAL DESCRIPTION
Extent 40p.
Dimensions 22cm (Hb)
490 ## - SERIES STATEMENT
Series statement Writers workshop redbird book
942 ## - ADDED ENTRY ELEMENTS (KOHA)
Institution code [OBSOLETE] dpl
Item type English Books
Source of classification or shelving scheme Dewey Decimal Classification
Classification part 881
Call number suffix MER
Holdings
Withdrawn status Lost status Not for loan Collection code Home library Current library Source of acquisition Cost, normal purchase price Full call number Barcode Copy number Cost, replacement price Koha item type
    Not For Loan Non-fiction D.B.Act.Division D.B.Act.Division DBAD/PUB 100.00 881 MER EN-69965 1 100.00 English Books

© Delhi Public Library
Hit Counter
free hit counter